Efecto de la administración de calostro vía parenteral en la fertilidad de vacas holstein / (Record no. 170281)
[ view plain ]
| 000 -CABECERA | |
|---|---|
| campo de control de longitud fija | 01372nam a2200373Ia 4500 |
| 001 - NÚMERO DE CONTROL | |
| campo de control | Z_7009 |
| 003 - IDENTIFICADOR DEL NÚMERO DE CONTROL | |
| campo de control | CHAP |
| 005 - FECHA Y HORA DE LA ÚLTIMA TRANSACCIÓN | |
| campo de control | 20221124143604.0 |
| 008 - DATOS DE LONGITUD FIJA--INFORMACIÓN GENERAL | |
| campo de control de longitud fija | 220113s2017 xx 000 0 und d |
| 010 ## - NÚMERO DE CONTROL DE LA BIBLIOTECA DEL CONGRESO | |
| Número de control de LC | 170281 |
| 040 ## - FUENTE DE LA CATALOGACIÓN | |
| Centro/agencia transcriptor | CHAP |
| 090 ## - LOCALMENTE ASIGNADO TIPO-LC NÚMERO DE CLASIFICACIÓN (OCLC); NÚMERO DE CLASIFICACIÓN LOCAL (RLIN) | |
| Número de clasificación (OCLC) (R) ; Numero de clasificación, CALL (RLIN) (NR) | Tesis F47 2591 |
| 100 ## - ENTRADA PRINCIPAL--NOMBRE DE PERSONA | |
| Nombre de persona | Fernández Rodríguez, Alberto |
| 9 (RLIN) | 133383 |
| 245 ## - MENCIÓN DE TÍTULO | |
| Título | Efecto de la administración de calostro vía parenteral en la fertilidad de vacas holstein / |
| Mención de responsabilidad, etc. | Alberto Fernández Rodríguez y Juan Zambrano García |
| 260 ## - PUBLICACIÓN, DISTRIBUCIÓN, ETC. | |
| Lugar de publicación, distribución, etc. | México : |
| Nombre del editor, distribuidor, etc. | El autor, |
| Fecha de publicación, distribución, etc. | 2017 |
| 300 ## - DESCRIPCIÓN FÍSICA | |
| Extensión | 65 p |
| 502 ## - NOTA DE TESIS | |
| Nota de tesis | Tesis (Ingeniero Agrónomo Especiaista en Zootecnia) -- UACh, 2017 \ Dirección: Constantino Romero Márquez; asesoría: Agustín Ruiz Flores y Raymundo Rodríguez de Lara |
| 650 ## - PUNTO DE ACCESO ADICIONAL DE MATERIA--TÉRMINO DE MATERIA | |
| Término de materia o nombre geográfico como elemento de entrada | Calostro |
| 9 (RLIN) | 17582 |
| 650 ## - PUNTO DE ACCESO ADICIONAL DE MATERIA--TÉRMINO DE MATERIA | |
| Término de materia o nombre geográfico como elemento de entrada | Ganado bovino |
| 9 (RLIN) | 138033 |
| 650 ## - PUNTO DE ACCESO ADICIONAL DE MATERIA--TÉRMINO DE MATERIA | |
| Término de materia o nombre geográfico como elemento de entrada | Gestación |
| 9 (RLIN) | 47801 |
| 650 ## - PUNTO DE ACCESO ADICIONAL DE MATERIA--TÉRMINO DE MATERIA | |
| Término de materia o nombre geográfico como elemento de entrada | Hormonas |
| 9 (RLIN) | 56235 |
| 650 ## - PUNTO DE ACCESO ADICIONAL DE MATERIA--TÉRMINO DE MATERIA | |
| Término de materia o nombre geográfico como elemento de entrada | Inmunología |
| 9 (RLIN) | 58818 |
| 650 ## - PUNTO DE ACCESO ADICIONAL DE MATERIA--TÉRMINO DE MATERIA | |
| Término de materia o nombre geográfico como elemento de entrada | Inseminación |
| 9 (RLIN) | 137287 |
| 650 ## - PUNTO DE ACCESO ADICIONAL DE MATERIA--TÉRMINO DE MATERIA | |
| Término de materia o nombre geográfico como elemento de entrada | Vacas holstein |
| 9 (RLIN) | 146287 |
| 700 ## - PUNTO DE ACCESO ADICIONAL--NOMBRE DE PERSONA | |
| Nombre de persona | Romero Márquez, Constantino, director |
| 9 (RLIN) | 144356 |
| 700 ## - PUNTO DE ACCESO ADICIONAL--NOMBRE DE PERSONA | |
| Nombre de persona | Ruiz Flores, Agustín, asesor Rodríguez de Lara, Raymundo, asesor |
| 9 (RLIN) | 146552 |
| 700 ## - PUNTO DE ACCESO ADICIONAL--NOMBRE DE PERSONA | |
| Nombre de persona | Zambrano García, Juan, coaut. |
| 9 (RLIN) | 146553 |
| 856 42 - LOCALIZACIÓN Y ACCESO ELECTRÓNICOS | |
| Identificador Uniforme del Recurso | <a href="http://10.13.5.2/tesis/sist113750.pdf">http://10.13.5.2/tesis/sist113750.pdf</a> |
| Texto de enlace | Descargar PDF |
| 901 ## - ELEMENTOS DE DATOS A LOCAL LDA (RLIN) | |
| a | TESIS F47 2591 |
| 902 ## - ELEMENTOS DE DATOS B LOCAL, LDB (RLIN) | |
| a | A |
| 910 ## - DATOS DE OPCIÓN DEL USUARIO (OCLC) | |
| Datos de opción del usuario | 2017 |
| 942 ## - ELEMENTOS DE PUNTO DE ACCESO ADICIONAL (KOHA) | |
| Tipo de ítem Koha | Tesis_ |
| Fuente del sistema de clasificación o colocación | Dewey Decimal Classification |
| 942 ## - ELEMENTOS DE PUNTO DE ACCESO ADICIONAL (KOHA) | |
| Tipo de ítem Koha | Tesis_ |
| Fuente del sistema de clasificación o colocación | Dewey Decimal Classification |
| Estado de retiro | Estado de pérdida | Fuente del sistema de clasificación o colocación | Estado dañado | No para préstamo | Código de colección | Localización permanente | Ubicación/localización actual | Fecha de adquisición | Fuente de adquisición | Total de préstamos | Signatura topográfica completa | Código de barras | Fecha visto por última vez | Número de copia | Precio válido a partir de | Tipo de ítem Koha | Restricciones de uso |
|---|---|---|---|---|---|---|---|---|---|---|---|---|---|---|---|---|---|
| Clasificación Universidad Autónoma de Chapingo | Excluido de préstamo | Tesis | Zootecnia | Zootecnia | 19/02/2019 | EL autor | Tesis F47 2591 | z_T 4895 | 18/01/2022 | 1 | 18/01/2022 | CD | |||||
| Clasificación Universidad Autónoma de Chapingo | Excluido de préstamo | Tesis | Zootecnia | Zootecnia | 19/02/2019 | El autor | Tesis F47 2591 | z_T 4896 | 18/01/2022 | 2 | 18/01/2022 | CD | |||||
| Clasificación Universidad Autónoma de Chapingo | Tesis | Zootecnia | Zootecnia | 19/02/2019 | El autor | Tesis F47 2591 | z_T 4897 | 18/01/2022 | 3 | 18/01/2022 | Tesis | Préstamo 5 días |
